000 00821nab a2200253 u 4500
001 10165
003 HDC
007 cr bn ---aaaaa
008 210214c20091123my dr|nes 0 a eng d
040 _aHDC
100 _aLester Kong,
_eauthor
_910403
245 0 _aExpert : Push not-meat halal industry /
_cby Lester Kong
260 _aMalaysia :
_bThe Star,
_c2009
336 _atext
_2rdacontent
337 _acomputer
_2rdamedia
338 _aonline resource
_2rdacarrier
650 _aHalal food industry
_9128
650 _aMeat industry and trade
_9161
710 _aThe Star
856 _zRequest full-text at [email protected]
942 _2lcc
942 _cNEWS
942 _kNWSC 003321
999 _c7488
_d7488